Alfonso Reyes helenista / (Record no. 58208)

MARC details
000 -LEADER
campo de control de longitud fija 00607nam a2200193 i 4500
001 - NÚMERO DE CONTROL
campo de control 58208
003 - IDENTIFICADOR DE NÚMERO DE CONTROL
campo de control ES-MaACL
005 - FECHA Y HORA DE LA ÚLTIMA TRANSACCIÓN
campo de control 20230906163741.0
007 - CAMPO FIJO DE DESCRIPCIÓN FÍSICA--INFORMACIÓN GENERAL
campo de control de longitud fija t|
008 - DATOS DE LONGITUD FIJA--INFORMACIÓN GENERAL
campo de control de longitud fija 031021s1955 sp ||||1| spa d
100 1# - ENTRADA PRINCIPAL--NOMBRE DE PERSONA
Nombre de persona Duering, Ingemar.
9 (RLIN) 203710
245 10 - MENCIÓN DEL TÍTULO
Título Alfonso Reyes helenista /
Mención de responsabilidad, etc. por Ingemar Duering.
260 ## - PUBLICACIÓN, DISTRIBUCIÓN, ETC.
Lugar de publicación, distribución, etc. Madrid :
Nombre del editor, distribuidor, etc. Insula,
Fecha de publicación, distribución, etc. 1955 (
Fabricante S. Aguirre Torre)
300 ## - DESCRIPCIÓN FÍSICA
Extensión 85 p. ;
Dimensiones 21 cm.
500 ## - NOTA GENERAL
Nota general Precede al tít.: Instituto Ibero-Americano, Gotemburgo (Suecia)
710 00 - ENTRADA AGREGADA--NOMBRE DE ENTIDAD CORPORATIVA
Nombre de entidad corporativa o nombre de jurisdicción como elemento de entrada Instituto Ibero-Americano (Göteborg)
9 (RLIN) 5089
852 ## - LOCALIZACIÓN
Ubicación ES-MaACL
Número de control de estantería 1996-F-21
Sublocalización o colección R.39684
Holdings
Estatus retirado Estado de pérdida Estado de daño No para préstamo Colección Biblioteca de origen Biblioteca actual Ubicación en estantería Fecha de adquisición Fuente de adquisición Total de préstamos Signatura topográfica completa Código de barras Visto por última vez Precio de reemplazo Tipo de ítem Koha
        Colección de folletos Biblioteca del Ateneo de Madrid Biblioteca del Ateneo de Madrid Depósito folletos 17/01/2008     1996-F-21 1061084 23/02/2023 23/02/2023 Folleto